"...To from a more Perfect Union...": (Record no. 1515)
[ view plain ]
| 000 -LEADER | |
|---|---|
| fixed length control field | 005440000a22001450004500 |
| 008 - FIXED-LENGTH DATA ELEMENTS--GENERAL INFORMATION | |
| fixed length control field | 230817t ||||| |||| 00| 0 eng d |
| 082 ## - DEWEY DECIMAL CLASSIFICATION NUMBER | |
| Classification number | 323.4 |
| Item number | UNI |
| 942 ## - ADDED ENTRY ELEMENTS (KOHA) | |
| Item Type | Reports |
| 110 ## - MAIN ENTRY--CORPORATE NAME | |
| Corporate Name | United States, National Commission on the Observance of International Women's Year |
| 245 ## - TITLE STATEMENT | |
| Title | "...To from a more Perfect Union...": |
| Sub Title | Justice for American Women |
| 260 ## - PUBLICATION, DISTRIBUTION, ETC. (IMPRINT) | |
| Place of Publication | [Washington] : |
| Name of Publisher | [Dept. of State], |
| Date of Copyright | 1976 |
| 300 ## - PHYSICAL DESCRIPTION | |
| Extent | xi, 382 p. : ill. ; 27 cm. |
| 650 ## - SUBJECT ADDED ENTRY--TOPICAL TERM | |
| Topical Term | WOMEN'S RIGHTS-United States |
| 650 ## - SUBJECT ADDED ENTRY--TOPICAL TERM | |
| Topical Term | Sex discrimination against women--United States. |
| Withdrawn status | Lost status | Source of classification or shelving scheme | Damaged status | Not for loan | Permanent location | Current location | Date acquired | Total Checkouts | Full call number | Barcode | Date last seen | Price effective from | Koha item type |
|---|---|---|---|---|---|---|---|---|---|---|---|---|---|
| Dewey Decimal Classification | Resource center, Muslim Women's Research And Action Forum | Resource center, Muslim Women's Research And Action Forum | 2023-08-17 | 323.4 UNI | RAF707 | 2023-08-17 | 2023-08-17 | Reports |

